书目信息 |
| 题名: |
数字通信原理
|
|
| 作者: | 冯穗力 编著 | |
| 分册: | ||
| 出版信息: | 北京 电子工业出版社 2016.08 |
|
| 页数: | 16,536页 | |
| 开本: | 26cm | |
| 丛书名: | ||
| 单 册: | ||
| 中图分类: | TN914.3 | |
| 科图分类: | ||
| 主题词: | 数字通信--高等教育--教材 | |
| 电子资源: | ||
| ISBN: | 978-7-121-28870-8 | |
| 000 | 01155nam0 2200301 450 | |
| 001 | 0120162004177 | |
| 005 | 20170327083655.00 | |
| 010 | @a978-7-121-28870-8@dCNY79.00 | |
| 100 | @a20160919d2016 em y0chiy50 ea | |
| 101 | 0 | @achi |
| 102 | @aCN@b110000 | |
| 105 | @aak z 000yy | |
| 106 | @ar | |
| 200 | 1 | @a数字通信原理@9shu zi tong xin yuan li@f冯穗力[等]编著 |
| 205 | @a2版 | |
| 210 | @a北京@c电子工业出版社@d2016.08 | |
| 215 | @a16,536页@c图@d26cm | |
| 300 | @a普通高等教育“十三五”规划教材 电子信息科学与工程专业规划教材 | |
| 304 | @a编著还有:余翔宇,柯峰,余荣,刘圣海,胡洁 | |
| 312 | @a封面英文题名:Principles of digital communications | |
| 330 | @a本书介绍数字通信的基本理论与技术,主要内容包括数字通信的信号分析基础、信源和信道编码、信息论基础、信号的基带传输、调制解调技术、信道特性、差错控制编码、同步技术、扩频通信和信道复用与多址技术等。 | |
| 333 | @a高校电子信息与工程专业师生 | |
| 510 | 1 | @aPrinciples of digital communications@zeng |
| 606 | 0 | @a数字通信@x高等教育@j教材 |
| 690 | @aTN914.3@v5 | |
| 701 | 0 | @a冯穗力@9feng sui li@4编著 |
| 801 | 0 | @aCN@b人天书店@c20160919 |
| 905 | @b980278-81@dTN914.3@e125=2@f4 | |
| 数字通信原理/冯穗力[等]编著.-2版.-北京:电子工业出版社,2016.08 |
| 16,536页:图;26cm |
| 普通高等教育“十三五”规划教材 电子信息科学与工程专业规划教材.-使用对象:高校电子信息与工程专业师生 |
| ISBN 978-7-121-28870-8:CNY79.00 |
| 本书介绍数字通信的基本理论与技术,主要内容包括数字通信的信号分析基础、信源和信道编码、信息论基础、信号的基带传输、调制解调技术、信道特性、差错控制编码、同步技术、扩频通信和信道复用与多址技术等。 |
| ● |
| 相关链接 |
|
|
|
|
正题名:数字通信原理
索取号:TN914.3/125=2
 
预约/预借
| 序号 | 登录号 | 条形码 | 馆藏地/架位号 | 状态 | 备注 |
| 1 | 980278 | 209802784 | 第二样本阅览室/ [索取号:TN914.3/125=2] | 在馆 | |
| 2 | 980279 | 209802793 | 第三借阅区/ [索取号:TN914.3/125=2] | 在馆 | |
| 3 | 980280 | 209802800 | 第三借阅区/ [索取号:TN914.3/125=2] | 在馆 | |
| 4 | 980281 | 209802819 | 密集书库—计算机科学学院/ [索取号:TN914.3/125=2] | 在馆 |